MARC

LEADER 00000nam0a2200000 4500
001 53658
005 20231031045638.0
035 |a (RuTPU)RU\TPU\book\56252 
035 |a RU\TPU\book\56251 
090 |a 53658 
100 |a 20030621d1966 km y0rusy50 ca 
101 0 |a rus 
102 |a RU 
105 |a a z 001zy 
200 1 |a Расчет электромагнитных реле для аппаратуры автоматики и связи  |f М. И. Витенберг 
205 |a 3-е изд., перераб. и доп. 
210 |a Москва  |a Ленинград  |c Энергия  |d 1966 
215 |a 723 с.  |c ил. 
320 |a Библиогр.: с. 708-718 
512 1 |a Расчет электромагнитных реле 
610 1 |a электромагнитные реле 
610 1 |a расчет 
610 1 |a нейтральные реле 
610 1 |a конструкции 
610 1 |a механические свойства 
610 1 |a пружины 
610 1 |a магнитная цепь 
610 1 |a обмотки 
610 1 |a нагрев 
610 1 |a поляризованные реле 
610 1 |a высокочастотные реле 
610 1 |a язычковые реле 
610 1 |a электрические контакты 
610 1 |a искрогашение 
610 1 |a реле повышенной мощности 
675 |a 621.318.56  |v 3 
675 |a 621.395.6  |v 3 
700 1 |a Витенберг  |b М. И.  |g Моисей Израилевич 
801 1 |a RU  |b 63413507  |c 20030621  |g PSBO 
801 2 |a RU  |b 63413507  |c 20220524  |g PSBO 
942 |c BK